Statistics for Word Scramble - Music Artists #3

Click here to take the quiz!

General Stats

  • This quiz has been taken 86 times
  • The average score is 16 of 18

Answer Stats

Answer% Correct
ABBA
99%
Beyoncé
99%
Elton John
97%
Prince
97%
The Who
97%
Britney Spears
96%
The Rolling Stones
95%
Johnny Cash
92%
Justin Timberlake
92%
Linkin Park
89%
Marvin Gaye
89%
AC/DC
88%
George Michael
88%
Bruce Springsteen
86%
Avril Lavigne
85%
Amy Winehouse
84%
Kelly Clarkson
74%
The Script
67%

Score Distribution

Percentile by Number Answered

Percent of People with Each Score

Your Score History

You have not taken this quiz